[Event "Moscow 03"]
[Site "Moscow"]
[Date "2009.03.??"]
[Round "?"]
[White "Borzov, Roman"]
[Black "Gabrielian, Ignat"]
[Result "1-0"]
[WhiteElo "1987"]
[BlackElo "1792"]
[PlyCount "47"]
[EventDate "2009.03.??"]
[EventType "tourn"]
[EventRounds "11"]
[EventCountry "RUS"]
[SourceTitle "EXT 2012"]
[Source "ChessBase"]
[SourceDate "2011.11.24"]
[SourceVersion "1"]
[SourceVersionDate "2011.11.24"]
[SourceQuality "1"]

1. e4 c5 2. Nf3 e6 3. d4 cxd4 4. Nxd4 a6 5. Nc3 Qc7 6. Be2 Nf6 7. 0-0 b5 8. e5 Qxe5 9. Bf3 d5 10. Re1 Qd6 11. Nf5 Qd7 12. Nxd5 Nxd5 13. Bxd5 Bb7 14. Bxb7 Qxb7 15. Qg4 g6 16. Qd4 Rg8 17. Bg5 Nc6 18. Nd6+ Bxd6 19. Qxd6 Qd7 20. Qc5 Rc8 21. Rad1 Qc7 22. Rd2 h6 23. Bf6 Qf4 24. Qxc6+ 1-0

[Event "Moscow 03"]
[Site "Moscow"]
[Date "2009.03.??"]
[Round "?"]
[White "Gabrielian, Ignat"]
[Black "Guseinov, Djelal"]
[Result "1/2-1/2"]
[WhiteElo "1792"]
[BlackElo "1928"]
[PlyCount "68"]
[EventDate "2009.03.??"]
[EventType "tourn"]
[EventRounds "11"]
[EventCountry "RUS"]
[SourceTitle "EXT 2012"]
[Source "ChessBase"]
[SourceDate "2011.11.24"]
[SourceVersion "1"]
[SourceVersionDate "2011.11.24"]
[SourceQuality "1"]

1. e4 e6 2. d4 d5 3. Nd2 Nf6 4. e5 Nfd7 5. Bd3 c5 6. c3 Nc6 7. Ngf3 Be7 8. 0-0 Qb6 9. dxc5 Nxc5 10. Bc2 Qc7 11. Re1 b6 12. Nb3 Nxb3 13. axb3 a5 14. Bf4 Ba6 15. Bg3 0-0 16. Nd4 Nxd4 17. Qxd4 Rfc8 18. Qg4 Qd8 19. Rad1 b5 20. Bf4 Ra7 21. Re3 g6 22. Rg3 Rd7 23. Be3 b4 24. Bd4 bxc3 25. bxc3 Bc5 26. h4 Bxd4 27. Rxd4 h5 28. Qxh5 Rxc3 29. Rxg6+ fxg6 30. Qxg6+ Rg7 31. Qxe6+ Kh8 32. Qh6+ Kg8 33. Qe6+ Kh8 34. Qh6+ Kg8 1/2-1/2

[Event "Moscow 03"]
[Site "Moscow"]
[Date "2009.03.??"]
[Round "?"]
[White "Gabrielian, Ignat"]
[Black "Soloviov, Alexandr"]
[Result "1-0"]
[WhiteElo "1792"]
[BlackElo "2251"]
[PlyCount "67"]
[EventDate "2009.03.??"]
[EventType "tourn"]
[EventRounds "11"]
[EventCountry "RUS"]
[SourceTitle "EXT 2012"]
[Source "ChessBase"]
[SourceDate "2011.11.24"]
[SourceVersion "1"]
[SourceVersionDate "2011.11.24"]
[SourceQuality "1"]

1. e4 e5 2. Nf3 Nc6 3. Bb5 a6 4. Ba4 Nf6 5. 0-0 b5 6. Bb3 Bc5 7. d3 0-0 8. Bg5 h6 9. Bh4 d6 10. c3 Bb7 11. d4 exd4 12. cxd4 Bb6 13. Nc3 Re8 14. Re1 Na5 15. Bc2 Re6 16. d5 Re8 17. b3 Bc8 18. Qd3 g6 19. e5 dxe5 20. Ne4 g5 21. Nxf6+ Qxf6 22. Qh7+ Kf8 23. Bg3 Qg7 24. Qxg7+ Kxg7 25. Bxe5+ f6 26. Bxf6+ Kf7 27. Rxe8 Kxe8 28. Bg6+ Kf8 29. Re1 Bd7 30. Re7 Be8 31. Ne5 Nb7 32. Bxe8 Rxe8 33. Ng6+ Kg8 34. Rg7# 1-0

[Event "Moscow 03"]
[Site "Moscow"]
[Date "2009.03.??"]
[Round "?"]
[White "Lagashin, Pavel"]
[Black "Gabrielian, Ignat"]
[Result "1-0"]
[WhiteElo "2093"]
[BlackElo "1792"]
[PlyCount "167"]
[EventDate "2009.03.??"]
[EventType "tourn"]
[EventRounds "11"]
[EventCountry "RUS"]
[SourceTitle "EXT 2012"]
[Source "ChessBase"]
[SourceDate "2011.11.24"]
[SourceVersion "1"]
[SourceVersionDate "2011.11.24"]
[SourceQuality "1"]

1. Nf3 d5 2. g3 Nf6 3. Bg2 c5 4. 0-0 Nc6 5. d4 e6 6. Bg5 Qb6 7. Nbd2 Qxb2 8. c4 Nxd4 9. Bxf6 gxf6 10. cxd5 exd5 11. Nxd4 Qxd4 12. Nb3 Qxd1 13. Rfxd1 c4 14. Na5 Bb4 15. Rxd5 Be6 16. Rb5 Bxa5 17. Rxa5 Rb8 18. Rxa7 b5 19. Bc6+ Kf8 20. Rb1 b4 21. Ra4 c3 22. Be4 b3 23. axb3 Rxb3 24. Ra8+ Kg7 25. Rxh8 Kxh8 26. Rc1 f5 27. Bd3 Kg7 28. f4 Kf6 29. Kf2 Ra3 30. Ke3 h6 31. Kd4 Kg7 32. Rxc3 Ra1 33. e3 Rh1 34. Rc2 Rd1 35. Kc3 Re1 36. Re2 Rc1+ 37. Kd2 Ra1 38. Bc2 Bc4 39. Re1 Ra2 40. Kc3 Bd5 41. Rb1 Be4 42. Rb2 Ra1 43. Kd4 Bxc2 44. Rxc2 Kg6 45. Kd3 Rg1 46. Rd2 Rh1 47. Kd4 Ra1 48. Ke5 Ra5+ 49. Kd6 Ra6+ 50. Ke5 Ra5+ 51. Rd5 Ra2 52. Rd6+ Kg7 53. Kxf5 Rxh2 54. e4 Rh5+ 55. Kg4 Ra5 56. e5 Ra1 57. Kf5 Ra5 58. Kg4 Ra1 59. Rd5 Ra4 60. Kf5 Ra3 61. g4 Ra1 62. Rd7 Ra5 63. Ke4 Ra4+ 64. Rd4 Ra1 65. f5 Ra5 66. f6+ Kg6 67. Rd8 Ra4+ 68. Kd5 Ra5+ 69. Kd6 Ra6+ 70. Kd7 Ra7+ 71. Ke8 Ra6 72. Kf8 Ra7 73. Kg8 Ra5 74. Re8 Ra7 75. Kh8 Kg5 76. Re7 Ra8+ 77. Kg7 Kxg4 78. Kxh6 Rg8 79. Rxf7 Kf5 80. Re7 Rg6+ 81. Kh7 Rg2 82. f7 Rh2+ 83. Kg7 Rg2+ 84. Kf8 1-0